Elementary electrical engineering / (Record no. 180246)
[ view plain ]
| 000 -LEADER | |
|---|---|
| fixed length control field | 01717 a2200169 4500 |
| 003 - CONTROL NUMBER IDENTIFIER | |
| control field | Nust |
| 005 - DATE AND TIME OF LATEST TRANSACTION | |
| control field | 20221024130631.0 |
| 040 ## - CATALOGING SOURCE | |
| Transcribing agency | Nust |
| 082 ## - DEWEY DECIMAL CLASSIFICATION NUMBER | |
| Classification number | 621.3,CLA |
| 100 ## - MAIN ENTRY--PERSONAL NAME | |
| Personal name | Clayton, Albert E. |
| 9 (RLIN) | 101243 |
| 245 ## - TITLE STATEMENT | |
| Title | Elementary electrical engineering / |
| Statement of responsibility, etc. | Albert E. Clayton and Herbert J. Shelley |
| 260 ## - PUBLICATION, DISTRIBUTION, ETC. | |
| Place of publication, distribution, etc. | New York |
| Name of publisher, distributor, etc. | Longmans |
| Date of publication, distribution, etc. | 1948 |
| 300 ## - PHYSICAL DESCRIPTION | |
| Extent | 462 p. |
| 505 ## - FORMATTED CONTENTS NOTE | |
| Formatted contents note | The Electric Circuits Series and Parallel Grouping Specific Resistance Temperature Coefficient Power and Energy units (Page-1), Magnetic Effect of Current Magnetic Circuit Magnetic Properties of Materials (Page-22), Electromagnetic Indentation Elementary Theory of the Dynamo (Page-41), Direct Armature Windings (Page-66), The Direct Current Generator Separate and Self Excitation Shunt Series and Compound winding armature Reaction Load Characteristics (Page-87), Inductance EMF of Self Induction Circuits (Page-112), Directs Current Motors (Page-126), Alternating Current Frequency Virtual Value Phase Displacement (Page-154), Alternating Currents Inductance Reactance Impedance Circuits Possessing Resistance and Inductance (Page-182), Power In Alternating Current Circuits Mean Power Apparent Power Factor (Page-201), Capacitance The General Series Circuits Voltage Resonce (Page-240), Choking The Single Phase Transformer (Page-254), Measuring Instruments Principles Ammeters Voltmeters (Page-271), Chemical Effects Electrolysis Primary Cells the Knead Storage Cell (Page-341), Illumination Metal Filament Lamp (Page-369), The Flow of Electricity in Gases and Machines Inductions Motors AC to DC Conversion Rotary Converter Value Rectifier Mercury Arc Rectifier (Page-415). |
| 650 ## - SUBJECT ADDED ENTRY--TOPICAL TERM | |
| Topical term or geographic name entry element | Electrical engineering |
| 942 ## - ADDED ENTRY ELEMENTS (KOHA) | |
| Source of classification or shelving scheme | |
| Koha item type | Book |
| Withdrawn status | Lost status | Source of classification or shelving scheme | Damaged status | Not for loan | Permanent Location | Current Location | Shelving location | Date acquired | Full call number | Barcode | Date last seen | Price effective from | Koha item type | Public note |
|---|---|---|---|---|---|---|---|---|---|---|---|---|---|---|
| Military College of Signals (MCS) | Military College of Signals (MCS) | General Stacks | 12/12/2016 | 621.3,CLA | MCS29731 | 12/08/2016 | 12/12/2016 | Book | Almirah No.28, Shelf No.1 | |||||
| Military College of Signals (MCS) | Military College of Signals (MCS) | General Stacks | 12/12/2016 | 621.3,CLA | MCS5845 | 12/08/2016 | 12/12/2016 | Book | Almirah No.28, Shelf No.1 |
